01013 a2200229 4500003000500000005001700005010001700022020003600039040000900075082001200084100002200096245011100118250001200229260003100241300003400272505023500306650002100541700003100562700002400593856009000617856007600707Nust20220720121817.0 a 2001033010 a0471394424 (cloth : alk. paper) cNust00a003,CLO1 aClose, Charles M.10aModeling and analysis of dynamic systems /cCharles M. Close and Dean K. Frederick and Jonathan C. Newell. a3rd ed. aNew York :bWiley,cc2002. axiv, 576 p. :bill. ;c26 cm. aIntroduction (Page-1), Translation Mechanical Systems (Page-14), Standard Forms for System Models (Page-48), Block Diagrams and Computer Simulation (Page-73), Rotational Mechanical Systems (Page-95), Electrical Systems (Page-138). 0aSystem analysis.1 aFrederick, Dean K.,d1934-1 aNewell, Jonathan C.423Publisher descriptionuhttp://www.loc.gov/catdir/description/wiley035/2001033010.html423Table of Contentsuhttp://www.loc.gov/catdir/toc/onix06/2001033010.html